Sports Quiz

Random Sports or Auto Racing Quiz

Winners Who Took the Lead on the Last Lap Quiz Stats

 Plays Quiz not verified by Sporcle

Score 0/27 Timer 05:00
0 Plays Today
Grand Prix Driver % Correct
Spain 2001Michael Schumacher
95.9%
Austria 2002Michael Schumacher
95.9%
Austria 2016Lewis Hamilton
94.5%
Canada 2011Jenson Button
91%
Europe 2005Fernando Alonso
89%
USA 2002Rubens Barrichello
87.9%
Japan 2005Kimi Räikkönen
86.9%
Hungary 1997Jacques Villeneuve
83.1%
Italy 1953Juan Manuel Fangio
81.7%
France 1954Juan Manuel Fangio
81.7%
Europe 1997Mika Häkkinen
79.3%
Brazil 2003Giancarlo Fisichella
75.9%
Canada 1991Nelson Piquet
75.2%
Belgium 1964Jim Clark
73.4%
Grand Prix Driver % Correct
Monaco 1982Riccardo Patrese
64.1%
Japan 1991Gerhard Berger
63.8%
France 1977Mario Andretti
63.4%
Monaco 1970Jochen Rindt
62.1%
Britain 1970Jochen Rindt
62.1%
Italy 1967John Surtees
57.2%
Spain 1975Jochen Mass
57.2%
San Marino 1982Didier Pironi
56.2%
South Africa 1978Ronnie Peterson
51%
USA 1959Bruce McLaren
44.8%
Belgium 1968Bruce McLaren
44.8%
Italy 1971Peter Gethin
41%
France 1961Giancarlo Baghetti
31.4%

You're not logged in!

Compare scores with friends on all Sporcle quizzes.
OR
Log In

Show Comments

Extras

Top Quizzes Today


Score Distribution

Your Account Isn't Verified!

In order to create a playlist on Sporcle, you need to verify the email address you used during registration. Go to your Sporcle Settings to finish the process.

Report this User

Report this user for behavior that violates our Community Guidelines.

Details: